| 000 | 00453nam a2200193Ia 4500 | ||
|---|---|---|---|
| 008 | 240509s9999 xx 000 0 und d | ||
| 020 | _a0000849331986 | ||
| 041 | _aEng | ||
| 082 | _a006.32 | ||
| 082 | _bI52 | ||
| 100 | _aNEELAKANTHA , P.S. (ED.) | ||
| 245 | 0 | _aINFORMATION THEORETIC ASPECTS OF NEURAL NETWORKS | |
| 260 | _bNEWYORK : CRC | ||
| 260 | _c1999 | ||
| 300 | _a401 p. | ||
| 650 | _aNEURAL NETWORKS | ||
| 942 | _2ddc | ||
| 942 | _cLBK | ||
| 999 |
_c22816 _d22816 |
||
| 945 |
_a1 _bMadushi Gamage _c1 _dMadushi Gamage |
||